Hieroglyphische Inschriften des Alten Reiches /

محفوظ في:

المؤلف الرئيسي: Edel, Elmar, 1914-1997.

التنسيق: كتاب

اللغة: German

منشور في: Opladen : Westdeutscher Verlag, c1981.

سلاسل: Abhandlungen der Rheinisch-Westfälischen Akademie der Wissenschaften ; 67.

الموضوعات:

الوسوم: إضافة وسم

لا توجد وسوم, كن أول من يضع وسما على هذه التسجيلة!

رقم الطلب: PJ1521 .E34 1981

LEADER 00849nam a22002417a 4500
003 OSt
005 20251020085719.0
008 251020t1981 gw afh b 001 0 ger d
020 |a 3531050818 
040 |c ARCE Library 
050 1 4 |a PJ1521  |b .E34 1981 
100 1 |a Edel, Elmar,   |d 1914-1997. 
245 1 0 |a Hieroglyphische Inschriften des Alten Reiches /   |c von Elmar Edel.  
264 1 |a Opladen :   |b Westdeutscher Verlag,   |c c1981. 
300 |a 98 p., [6] p. of plates :   |b ill., facsims. ;   |c 30 cm. 
490 0 |a Abhandlungen der Rheinisch-Westfälischen Akademie der Wissenschaften ;   |v 67. 
500 |a Inscriptions with translation and/or commentary. 
504 |a Includes bibliography: p. [7] and indexes. 
650 0 |a Inscriptions, Egyptian. 
650 0 |a Inscriptions, Hieroglyphic. 
901 |a reviewed 
942 |2 lcc  |c BK 
999 |c 50116  |d 50116